Normal view
MARC view
- Strategic planning
Entry Topical Term
001 - CONTROL NUMBER
- control field: 12438
003 - CONTROL NUMBER IDENTIFIER
- control field: NUST
005 - DATE AND TIME OF LATEST TRANSACTION
- control field: 20181030113000.0
008 - FIXED-LENGTH DATA ELEMENTS
- fixed length control field: 181030|| aca||aabn | a|a d
040 ## - CATALOGING SOURCE
- Original cataloging agency: NUST
- Transcribing agency: NUST
150 ## - HEADING--TOPICAL TERM
- Topical term or geographic name entry element: Strategic planning
- General subdivision: Decision making.
670 ## - SOURCE DATA FOUND
- Source citation: Work cat.: (NUST)0: Matheson, David, 1963- 12436, The smart organization :, c1998.
